Challenges encountered of female breadwinners in San Jose, Rodriguez, Rizal/ (Record no. 82033)
[ view plain ]
| 000 -LEADER | |
|---|---|
| fixed length control field | 02469nam a22002297a 4500 |
| 003 - CONTROL NUMBER IDENTIFIER | |
| control field | URS |
| 005 - DATE AND TIME OF LATEST TRANSACTION | |
| control field | 20250206173015.0 |
| 008 - FIXED-LENGTH DATA ELEMENTS--GENERAL INFORMATION | |
| fixed length control field | 250206b |||||||| |||| 00| 0 eng d |
| 050 00 - LIBRARY OF CONGRESS CALL NUMBER | |
| Classification number | LG 221.R59 |
| Item number | .C3525 2023 |
| 100 1# - MAIN ENTRY--PERSONAL NAME | |
| Personal name | Hernandez, Allen Marvin C. |
| Relator term | Researcher |
| 245 10 - TITLE STATEMENT | |
| Title | <a href="Challenges encountered of female breadwinners in San Jose, Rodriguez, Rizal/">Challenges encountered of female breadwinners in San Jose, Rodriguez, Rizal/</a> |
| Statement of responsibility, etc | Allen Marvin C. Hernandez, Ronelle Madrona, Alexandra Q. Paule [and] Kate Angelica C. Ramos |
| 260 #1 - PUBLICATION, DISTRIBUTION, ETC. (IMPRINT) | |
| Date of publication, distribution, etc | 2023 |
| 300 ## - PHYSICAL DESCRIPTION | |
| Extent | xii, 73 leaves; |
| Other physical details | illustrations, |
| Dimensions | 28cm. |
| 336 ## - CONTENT TYPE | |
| Source | rdacontent |
| Content type term | text |
| 337 ## - MEDIA TYPE | |
| Source | rdamedia |
| Media type term | unmediated |
| 338 ## - CARRIER TYPE | |
| Source | rdacarrier |
| Carrier type term | volume |
| 502 ## - DISSERTATION NOTE | |
| Dissertation note | Undergraduate theses<br/> |
| Degree type | Bachelor of Science in Social Work |
| Name of granting institution | University of Rizal System Rodriguez, Rizal <br/> |
| Year degree granted | year of 2023 |
| 520 ## - SUMMARY, ETC. | |
| Summary, etc | This study aimed to determine the challenges encountered by female breadwinners in San Jose, Rodriguez, Rizal. The study is qualitative research, using open-ended questionnaires through interviews to have an in-depth understanding of the phenomena. The research design is Case Study. A case study is an in-depth study of a particular research problem rather than a sweeping statistical survey or comprehensive comparative inquiry. Data are gathered from a variety of sources and by using several different methods such as observations & interviews. The research questionnaires entailed questions about the profile, challenges, and coping mechanisms of the respondents. The study has 10 participants and the interviews were in person and online. Purposive Sampling was used in selecting the participants. Purposive sampling is a research technique in which the participants were selected on purpose based on their characteristics in line with what was needed in the research.<br/><br/>The gathered data from the respondents after the interview showed that the majority of the respondents belong to the age bracket of 18-25 with 4 of then making it 40 percent. Most of them consist of 2-5 family members which amounts to 60 percent or 6 of the respondents. Respondents who are single have the most number with 6 of them coming to 60%. In regard to the respondents' monthly income, most of them range to 11,000-20,000 and 21,000-30,000 with 6 of them being equally distributed to these brackets with 30 percent each. |
| 650 ## - SUBJECT ADDED ENTRY--TOPICAL TERM | |
| Source of heading or term | determine the challenges encountered by female breadwinners |
| 700 ## - ADDED ENTRY--PERSONAL NAME | |
| Personal name | Ronelle Madrona, Alexandra Q. Paule [and] Kate Angelica C. Ramos |
| Relator term | Researchers |
| 942 ## - ADDED ENTRY ELEMENTS (KOHA) | |
| Source of classification or shelving scheme | Library of Congress Classification |
| Koha item type | Theses and dissertations |
| Withdrawn status | Source of classification or shelving scheme | Damaged status | Not for loan | Home library | Current library | Shelving location | Date acquired | Total Checkouts | Full call number | Barcode | Date last seen | Copy number | Price effective from | Koha item type |
|---|---|---|---|---|---|---|---|---|---|---|---|---|---|---|
| Library of Congress Classification | Not For Loan | Rodriguez College Library | Rodriguez College Library | Undergraduate Theses | 02/06/2025 | LG 221.R59 .C3525 2023 | URSROD-UGT-SW-0819 | 02/06/2025 | 1 | 02/06/2025 | Theses and dissertations |